RICS Practice Alert - transfer slabs (Record no. 122236)
[ view plain ]
| 000 -LEADER | |
|---|---|
| fixed length control field | 01659nam a22002417a 4500 |
| 005 - DATE AND TIME OF LATEST TRANSACTION | |
| control field | 20260218093244.0 |
| 008 - FIXED-LENGTH DATA ELEMENTS--GENERAL INFORMATION | |
| fixed length control field | 260123e20260115xxk|||||o|||| 00| 0 eng d |
| 041 ## - LANGUAGE CODE | |
| Language code of text/sound track or separate title | eng |
| 110 ## - MAIN ENTRY--CORPORATE NAME | |
| Corporate author | Royal Institution of Chartered Surveyors |
| 245 ## - TITLE STATEMENT | |
| Title | RICS Practice Alert - transfer slabs |
| Medium | [Email update] |
| 260 ## - PUBLICATION INFORMATION | |
| Place of publication | London, |
| Publisher | Royal Institution of Chartered Surveyors, |
| Date | 9 January 2026 |
| 300 ## - PHYSICAL DESCRIPTION | |
| Physical description | |
| 490 ## - SERIES TITLE | |
| Series statement | RICS Practice Alert |
| 520 ## - ABSTRACT | |
| Abstract | The purpose is to raise awareness of an important emerging building safety issue in the UK. The UK government wrote to principal accountable persons and building owners about potential risks from transfer slabs in buildings on 19 December 2025. RICS members who are chartered building surveyors may be <br/>instructed to carry out condition surveys of such tall buildings to identify buildings with transfer <br/>slabs. If a building is identified, then a suitable expert structural engineer will be required to <br/>carry out more in-depth analysis. RICS recommends that IStructE are contacted for suitable <br/>competent engineers. RICS has developed an information hub with FAQs: Transfer slabs in buildings: Advice and <br/>FAQs. This will be updated as more information becomes available. Please check regularly for the most recent updates |
| 650 ## - KEYWORDS | |
| Keywords | BUILDING SAFETY |
| 650 ## - KEYWORDS | |
| Keywords | CONCRETE |
| 650 ## - KEYWORDS | |
| Keywords | TRANSFER SLABS |
| 651 ## - SUBJECT ADDED ENTRY--GEOGRAPHIC NAME | |
| Geographic name | United Kingdom |
| 690 ## - BROAD SUBJECT | |
| Broad subject | Building control |
| 9 (RLIN) | 6222 |
| 710 ## - ADDED CORPORATE NAME | |
| Added corporate author | Royal Institution of Chartered Surveyors |
| 856 ## - ONLINE RESOURCE | |
| Uniform Resource Identifier | <a href="https://www.rics.org/content/dam/ricsglobal/documents/regulation/Practice-Alert-Jan26-Transfer-slabs.pdf">https://www.rics.org/content/dam/ricsglobal/documents/regulation/Practice-Alert-Jan26-Transfer-slabs.pdf</a> |
| Public note | View the online Practice Update |
| 942 ## - ADDED ENTRY ELEMENTS (KOHA) | |
| Suppress in OPAC | Do not suppress in OPAC |
| Lost status | Source of classification or shelving scheme | Damaged status | Not for loan | Current library | Shelving location | Date acquired | Total Checkouts | Full call number | Date last seen | Price effective from | Koha item type |
|---|---|---|---|---|---|---|---|---|---|---|---|
| Dewey Decimal Classification | Virtual | Online | 23/01/2026 | ONLINE PUBLICATION | 23/01/2026 | 23/01/2026 |